| 000 | 00500cam a2200157 a 4500 | ||
|---|---|---|---|
| 001 | 000003095 | ||
| 005 | 20200929150328.0 | ||
| 008 | 760415s1964 ck b 001 f spa | ||
| 040 |
_aDO-SdBNP _bspa _cBNPHU |
||
| 082 |
_a868.998304 _bO83p |
||
| 100 | 1 |
_aOspina, Uriel, _d1925- _99767 |
|
| 245 | 1 | 0 |
_aProblemas y perspectivas de la novela americana / _cUriel Ospina. |
| 260 |
_aBogotá : _bTercer Mundo, _c1964. |
||
| 300 |
_a233 p. ; _c21 cm. |
||
| 650 | 4 |
_aNovela hispanoamericana _xHistoria y crÃtica _99768 |
|
| 999 |
_c2926 _d2926 |
||